| 000 | 01443cam a2200409 a 4500 | ||
|---|---|---|---|
| 001 | 20730 | ||
| 003 | VRT | ||
| 005 | 20260130144554.0 | ||
| 008 | 240226s1999 xo r 000 f slo | ||
| 015 | _aSNBA2000/01-00073 | ||
| 020 | _a8022009652 | ||
| 035 | _aSNK000325385 | ||
| 035 | _aurn:nbn:sk:snk-amkjzb | ||
| 035 | _aurn:nbn:sk:snk-am003ajy | ||
| 035 | _a7A12C16E-51EE-4DF8-AB95-264BC5D6D985 | ||
| 039 | 9 |
_a202402261956 _bVLOAD _c202205120802 _dVLOAD _c202101091245 _dcsnk01 _c202101091226 _dcsnk01 |
|
| 040 |
_aSNK _bslo _aSNK _eAACR2 |
||
| 041 | 1 |
_aslo _heng |
|
| 044 |
_axo _cSK |
||
| 080 |
_a820 (73)-3 _21981 |
||
| 100 | 1 |
_aMcBain, Ed, _d1926-2005 _4aut |
|
| 240 | 1 | 4 |
_aThe big bad city _lSlovensky |
| 245 | 1 | 0 |
_aVeľké zlé mesto _cEd McBain ; [z anglického originálu The big bad city ... preložila Miroslava Staszová] |
| 260 |
_aBratislava _bSlovenský spisovateľ _c1999 |
||
| 300 |
_a202 s. _c21 cm |
||
| 490 | 1 | _aZelená knižnica | |
| 655 | 7 |
_aamerické romány _2SNKPH |
|
| 655 | 7 |
_adetektívne romány _2SNKPH |
|
| 700 | 1 |
_aStaszová, Miroslava, _d1952- _4trl |
|
| 830 | 0 | _aZelená knižnica | |
| 910 | _asnk | ||
| 942 |
_2ddc _cKLDO _n0 |
||
| 949 |
_6273K0107252 _asvkpoA 175406 _bsvkpo436583 |
||
| 949 |
_62889746392 _asavukPV 2343 |
||
| 949 |
_617A0208465 _9P60, <03>, [BOOK], {603} _asnkSC 99520 _bsnkKSP 8877/99 _s6100:20140925 |
||
| 949 |
_617A0208466 _9P60, <05>, [BOOK], {605} _asnkSC 99520 D1 _bsnkKSP 8878/99 |
||
| 999 |
_c20730 _d20730 |
||